000
00321nam a22001337a 4500
008
180928b xxu||||| |||| 00| 0 eng d
020
_a
9780495811268
041
_a
eng
080
_a
343.9
100
_a
13
101
_a
SHJ
245
_a
Constitutional Law and the Criminal Justice System
_c
Harr, J.S
942
_2
udc
_c
BK
999
_c
48659
_d
48659